De l'immortalité des animaux / (Record no. 91977)

MARC details
000 -LEADER
campo de control de longitud fija 00864nam a2200265 i 4500
001 - NÚMERO DE CONTROL
campo de control 91977
003 - IDENTIFICADOR DE NÚMERO DE CONTROL
campo de control ES-MaACL
005 - FECHA Y HORA DE LA ÚLTIMA TRANSACCIÓN
campo de control 20260528172346.0
007 - CAMPO FIJO DE DESCRIPCIÓN FÍSICA--INFORMACIÓN GENERAL
campo de control de longitud fija t|
008 - DATOS DE LONGITUD FIJA--INFORMACIÓN GENERAL
campo de control de longitud fija 050311s1992 fr ||||1| fre d
020 ## - NÚMERO INTERNACIONAL ESTÁNDAR DEL LIBRO
Número Internacional Estándar del Libro 2-204-04661-2
080 ## - NÚMERO DE LA CLASIFICACIÓN DECIMAL UNIVERSAL
Número de la Clasificación Decimal Universal 179.3
080 ## - NÚMERO DE LA CLASIFICACIÓN DECIMAL UNIVERSAL
Número de la Clasificación Decimal Universal 502.74:28
100 1# - ENTRADA PRINCIPAL--NOMBRE DE PERSONA
Nombre de persona Drewermann, Eugen.
9 (RLIN) 45611
245 10 - MENCIÓN DEL TÍTULO
Título De l'immortalité des animaux /
Mención de responsabilidad, etc. Eugen Drewermann ; préface par Luise Rinser ; traduit de l'allemand par Bernard Lauret ; postface par Michel Damien.
260 ## - PUBLICACIÓN, DISTRIBUCIÓN, ETC.
Lugar de publicación, distribución, etc. Paris :
Nombre del editor, distribuidor, etc. Les Editions du Cerf,
Fecha de publicación, distribución, etc. 1992.
300 ## - DESCRIPCIÓN FÍSICA
Extensión 81 p. ;
Dimensiones 22 cm.
650 14 - PUNTO DE ACCESO ADICIONAL DE MATERIA--TÉRMINO DE MATERIA
Término de materia o nombre geográfico como elemento de entrada Animales-
Subdivisión general Derechos.
9 (RLIN) 9834
650 14 - PUNTO DE ACCESO ADICIONAL DE MATERIA--TÉRMINO DE MATERIA
Término de materia o nombre geográfico como elemento de entrada Animales-
Subdivisión general Aspectos religiosos.
9 (RLIN) 9830
700 0# - ENTRADA AGREGADA--NOMBRE PERSONAL
Nombre de persona Rinser, Luise,
Fechas asociadas al nombre 1911-2002
9 (RLIN) 97293
700 1# - ENTRADA AGREGADA--NOMBRE PERSONAL
Nombre de persona Lauret, Bernard.
9 (RLIN) 70644
700 1# - ENTRADA AGREGADA--NOMBRE PERSONAL
Nombre de persona Damien, Michel.
9 (RLIN) 42572
852 ## - LOCALIZACIÓN
Ubicación ES-MaACL
Número de control de estantería L-10807
Sublocalización o colección R.135622
Holdings
Estatus retirado Estado de pérdida Estado de daño No para préstamo Biblioteca de origen Biblioteca actual Ubicación en estantería Fecha de adquisición Fuente de adquisición Total de préstamos Signatura topográfica completa Código de barras Visto por última vez Precio de reemplazo Tipo de ítem Koha
        Biblioteca del Ateneo de Madrid Biblioteca del Ateneo de Madrid Depósito 2 17/01/2008     L-10807 1096036 23/02/2023 23/02/2023 Libro impreso